|
|
|
|
| LEADER |
00000nam a2200000 a 4500 |
| 001 |
vtls010203273 |
| 003 |
SK-MaSNL |
| 005 |
20260331210052.0 |
| 008 |
150827s2010 xo a rb 000 0 slo |
| 015 |
|
|
|a SNBSAB2010-00016
|
| 035 |
|
|
|a 38F926ED-0384-432A-A853-4F494E835D07
|
| 035 |
|
|
|a urn:nbn:sk:snk-amjgjx
|
| 035 |
|
|
|a urn:nbn:sk:snk-am003eqg
|
| 040 |
|
|
|a SNK
|b slo
|c SNK
|e AACR2
|
| 041 |
0 |
|
|a slo
|
| 043 |
|
|
|a e-xo---
|
| 044 |
|
|
|a xo
|c SK
|
| 072 |
|
7 |
|a 821.162.4
|x Slovenská literatúra
|2 konspekt
|
| 080 |
|
|
|a 821.162.4-051
|2 2001
|
| 080 |
|
|
|a 929 Saniga, Miroslav
|2 2001
|
| 080 |
|
|
|a 012
|2 2001
|
| 080 |
|
|
|a (041)
|2 2001
|
| 100 |
1 |
|
|a Pernická, Marta
|4 com
|9 5337
|
| 245 |
1 |
0 |
|a Miroslav Saniga
|b spisovateľ lesa : bibliografický leták
|c zostavila: Marta Pernická
|
| 250 |
|
|
|a 2. dopl. vyd.
|
| 260 |
|
|
|a Nitra
|b Krajská knižnica Karola Kmeťka
|c 2010
|
| 300 |
|
|
|a 1 zlož. list ([6] s.)
|b fotogr.
|c 21 x 30 cm, po zložení 21 x 10 cm
|
| 366 |
|
|
|e 30 výt.
|
| 504 |
|
|
|a Usporiadanie temat. 26 zázn. o tvorbe (knihy pre deti a dospelých)
|
| 600 |
1 |
7 |
|a Saniga, Miroslav,
|d 1964-
|2 SNKMA
|9 103655
|
| 650 |
0 |
7 |
|a slovenskí spisovatelia
|2 SNKPH
|9 1258
|
| 655 |
|
7 |
|a bibliografické letáky
|2 SNKPH
|9 74589
|
| 710 |
2 |
|
|a Krajská knižnica Karola Kmeťka v Nitre
|4 pbl
|9 132267
|
| 958 |
|
|
|a LX
|
| 958 |
|
|
|a BX
|
| 958 |
|
|
|a PB
|
| 958 |
|
|
|a NB
|
| 999 |
|
|
|c 748664
|d 750594
|
| 952 |
|
|
|a SNK
|b SNK
|y PREZ
|7 0
|p 17A0685395
|o snkOSC 25347
|i snk2011/799
|8 0
|0 0
|1 0
|4 0
|d 2011-01-13
|l 0
|r 2026-02-23 23:23:39
|w 2026-02-23
|
| 952 |
|
|
|a SNK
|b SNK
|y PREZ
|7 0
|p 17A0685394
|o snkOSC 25347 D1
|i snk2011/800
|8 0
|0 0
|1 0
|4 0
|d 2011-01-13
|f 1
|l 0
|r 2026-02-23 23:23:39
|w 2026-02-23
|